[Event "4NCL Online Division 6"]
[Site "online"]
[Date "2021.04.06"]
[EventDate "2021.04.06"]
[Round "6.33"]
[White "Rudd, David R"]
[WhiteElo "1693"]
[WhiteTeam "Hertford 2"]
[Black "Doubleday, Peter"]
[BlackElo "1420"]
[BlackTeam "Cornish Wreckers"]
[Result "1/2-1/2"]
[PlyCount "70"]

1. b4 c6 2. c4 Qb6 3. Qb3 a5 4. b5 a4 5. Qb2 Nf6 6. Nf3 e6 7. e3 d5 8. cxd5 cxd5 9. Be2 Nbd7 10. O-O Be7 11. d4 O-O 12. a3 Ne4 13. Nbd2 Ndf6 14. Nxe4 Nxe4 15. Nd2 Nd6 16. Nf3 Bd7 17. Rb1 Rfc8 18. Bd2 Nc4 19. Bxc4 dxc4 20. Ne5 Be8 21. Rfc1 Bf6 22. Nxc4 Qd8 23. Be1 Be7 24. Ne5 Qd5 25. Bb4 Bd8 26. Bd2 Rxc1+ 27. Bxc1 Be7 28. Bd2 Rc8 29. h3 f6 30. Nf3 Bg6 31. Rc1 Rxc1+ 32. Bxc1 b6 33. Nd2 Be8 34. Qc2 Qxb5 35. Qc8 Qc6 1/2-1/2

[Event "4NCL Online Division 6"]
[Site "online"]
[Date "2021.04.06"]
[EventDate "2021.04.06"]
[Round "6.34"]
[White "Brown, Hugh"]
[WhiteElo "1269"]
[WhiteTeam "Cornish Wreckers"]
[Black "Tuveri, Aaron"]
[BlackElo "1713"]
[BlackTeam "Hertford 2"]
[Result "0-1"]
[PlyCount "50"]

1. Nf3 c5 2. g3 Nc6 3. Bg2 e5 4. e4 g6 5. O-O Bg7 6. Nc3 Nge7 7. d3 O-O 8. Nd5 Nxd5 9. exd5 Nd4 10. c4 d6 11. Nxd4 exd4 12. Bf4 Bf5 13. Re1 Qd7 14. Qd2 Rfe8 15. Re2 Rxe2 16. Qxe2 Re8 17. Qd2 Qe7 18. Kf1 a6 19. h4 b5 20. b3 h5 21. Bg5 Bf6 22. Re1 Bxd3+ 23. Kg1 Qxe1+ 24. Qxe1 Rxe1+ 25. Kh2 Bxg5 0-1

[Event "4NCL Online Division 6"]
[Site "online"]
[Date "2021.04.06"]
[EventDate "2021.04.06"]
[Round "6.41"]
[White "Hart-Davis, Adam"]
[WhiteElo "1728"]
[WhiteTeam "Plymouth 2"]
[Black "Gardiner, Harry"]
[BlackElo "1651"]
[BlackTeam "Crewe BOL"]
[Result "0-1"]
[PlyCount "52"]

1. e4 c5 2. b3 Nc6 3. Bc4 e6 4. f4 a6 5. Nf3 b5 6. Bd3 Bb7 7. Bb2 Nf6 8. O-O Qb6 9. Kh1 Be7 10. c4 bxc4 11. Bxc4 O-O 12. Nc3 Nd4 13. Na4 Qc7 14. Nxd4 cxd4 15. Bxd4 Bxe4 16. Bxf6 Bxf6 17. Rc1 Qb7 18. Qe2 Rfc8 19. Qe3 Bxg2+ 20. Kg1 Bxf1 21. Rxf1 d5 22. Bd3 Qb4 23. Qh3 h6 24. f5 e5 25. Qe3 e4 26. Be2 Bd4 0-1

[Event "4NCL Online Division 6"]
[Site "online"]
[Date "2021.04.06"]
[EventDate "2021.04.06"]
[Round "6.42"]
[White "Price, David P"]
[WhiteElo "1555"]
[WhiteTeam "Crewe BOL"]
[Black "Wilby, Robert G"]
[BlackElo "1647"]
[BlackTeam "Plymouth 2"]
[Result "0-1"]
[PlyCount "82"]

1. Nf3 d6 2. d4 Nd7 3. e4 e5 4. dxe5 dxe5 5. Bb5 c6 6. Bc4 Be7 7. Nc3 Ngf6 8. O-O h6 9. Qe2 Qc7 10. a3 g5 11. b4 b5 12. Bb3 a5 13. Bb2 a4 14. Ba2 Ba6 15. Rac1 Nf8 16. Nd1 Ng6 17. c4 g4 18. Nd2 Qb8 19. g3 c5 20. cxb5 Bxb5 21. Bc4 Bxc4 22. Qxc4 cxb4 23. axb4 O-O 24. Ne3 Qxb4 25. Qxb4 Bxb4 26. Ndc4 Nxe4 27. Nxg4 f6 28. Nxh6+ Kh7 29. Nf5 Ra7 30. Rfd1 Rff7 31. Ba3 Bxa3 32. Nxa3 Rac7 33. h4 Rxc1 34. Rxc1 Ra7 35. Rc6 Ne7 36. Nxe7 Rxe7 37. Rxf6 Nxf6 38. Kg2 Rb7 39. Kf1 Rb3 40. Nc4 a3 41. Ke2 a2 0-1

[Event "4NCL Online Division 6"]
[Site "online"]
[Date "2021.04.06"]
[EventDate "2021.04.06"]
[Round "6.43"]
[White "Tatam, Anthony"]
[WhiteElo "1526"]
[WhiteTeam "Plymouth 2"]
[Black "Michalek, Lukasz"]
[BlackElo "1599"]
[BlackTeam "Crewe BOL"]
[Result "1/2-1/2"]
[PlyCount "165"]

1. d4 f5 2. Nc3 Nf6 3. Bg5 b6 4. Nf3 Bb7 5. Qd3 e6 6. g3 Bb4 7. Bg2 Nc6 8. O-O O-O 9. a3 Be7 10. Bf4 a6 11. d5 Nb8 12. dxe6 dxe6 13. Qc4 Bd5 14. Nxd5 exd5 15. Qd3 Bd6 16. Qxf5 Bxf4 17. Qxf4 Ne4 18. Qe3 Nd7 19. Nd2 Nef6 20. Rad1 Re8 21. Qb3 Nc5 22. Qa2 Rxe2 23. Bf3 Re8 24. Nb3 c6 25. Nxc5 bxc5 26. c4 Re5 27. b4 cxb4 28. axb4 a5 29. cxd5 cxd5 30. bxa5 Rxa5 31. Qb2 Qd6 32. Rd4 Re8 33. Rfd1 Rb8 34. Qc3 Ra3 35. Bxd5+ Nxd5 36. Qd2 Rb5 37. Rxd5 Rxd5 38. Qxd5+ Qxd5 39. Rxd5 Kf7 40. Kg2 Kf6 41. h4 g6 42. g4 Ra4 43. Kg3 Ra1 44. f3 Rg1+ 45. Kf4 Rc1 46. g5+ Ke6 47. Rb5 Rc4+ 48. Kg3 Rc7 49. Kg4 Rc4+ 50. f4 Kf7 51. Rb7+ Kg8 52. Rb6 Kf7 53. Rf6+ Kg7 54. h5 Rc7 55. Re6 Rd7 56. Rc6 Rb7 57. Rc4 Re7 58. Rd4 Rc7 59. h6+ Kf7 60. f5 gxf5+ 61. Kxf5 Rc1 62. Rd7+ Kg8 63. Rg7+ Kh8 64. Ra7 Rf1+ 65. Ke5 Re1+ 66. Kf4 Rf1+ 67. Ke3 Kg8 68. Rg7+ Kh8 69. Rb7 Kg8 70. Ke4 Re1+ 71. Kf5 Rf1+ 72. Ke6 Re1+ 73. Kd6 Rg1 74. Rg7+ Kh8 75. Ra7 Rxg5 76. Ra8+ Rg8 77. Rxg8+ Kxg8 78. Ke6 Kh8 79. Kf6 Kg8 80. Ke7 Kh8 81. Kf6 Kg8 82. Ke6 Kh8 83. Kf7 1/2-1/2

[Event "4NCL Online Division 6"]
[Site "online"]
[Date "2021.04.06"]
[EventDate "2021.04.06"]
[Round "6.44"]
[White "Nienaber, Kobus"]
[WhiteElo "1472"]
[WhiteTeam "Crewe BOL"]
[Black "Caleshu, Caleb"]
[BlackElo "1505"]
[BlackTeam "Plymouth 2"]
[Result "1-0"]
[PlyCount "75"]

1. d4 Nf6 2. Nc3 g6 3. Bf4 Bg7 4. Nf3 d6 5. e3 O-O 6. Bd3 Nbd7 7. Ne4 a5 8. O-O e5 9. dxe5 dxe5 10. Nxe5 Nxe4 11. Nxd7 Nxf2 12. Rxf2 Qxd7 13. c3 c6 14. Be2 Qxd1+ 15. Rxd1 Be6 16. a3 a4 17. Bf3 Rfd8 18. Rfd2 Re8 19. Bc7 Bb3 20. Re1 Bh6 21. Bb6 Re6 22. Rd7 Rae8 23. Rxb7 Bxe3+ 24. Rxe3 Rxe3 25. Bxe3 Rxe3 26. Bxc6 Re1+ 27. Kf2 Rb1 28. Kg3 Rxb2 29. Rb8+ Kg7 30. Bxa4 h5 31. Rxb3 h4+ 32. Kxh4 Rxg2 33. Kh3 Ra2 34. c4 Rc2 35. Bb5 Rf2 36. a4 Rf6 37. a5 Rd6 38. a6 1-0

[Event "4NCL Online Division 6"]
[Site "online"]
[Date "2021.04.06"]
[EventDate "2021.04.06"]
[Round "6.51"]
[White "McBeath, Joel"]
[WhiteElo "1638"]
[WhiteTeam "Ashton 2"]
[Black "Ross, David C"]
[BlackElo "1668"]
[BlackTeam "War & Piece 2"]
[Result "1-0"]
[PlyCount "65"]

1. e4 e5 2. Nf3 Nc6 3. Bc4 Nf6 4. Ng5 d5 5. exd5 Na5 6. Bb5+ c6 7. dxc6 bxc6 8. Bd3 Nd5 9. Nf3 Bd6 10. O-O O-O 11. Re1 Re8 12. Nc3 f5 13. Bf1 Bd7 14. d3 Qc7 15. Bd2 Nb7 16. g3 f4 17. Ng5 h6 18. Nge4 Be7 19. Bg2 Rad8 20. Qf3 fxg3 21. hxg3 Rf8 22. Nxd5 cxd5 23. Nf6+ Bxf6 24. Qxd5+ Kh8 25. Qxb7 Qxc2 26. Bc3 Bg5 27. Qxa7 Bg4 28. Bxe5 Rd7 29. Qb6 Qxd3 30. Be4 Qd2 31. Bc3 Qd6 32. Qxd6 Rxd6 33. Bb4 1-0

[Event "4NCL Online Division 6"]
[Site "online"]
[Date "2021.04.06"]
[EventDate "2021.04.06"]
[Round "6.52"]
[White "Townend, Ron"]
[WhiteElo "1578"]
[WhiteTeam "War & Piece 2"]
[Black "Shaughnessy, Phillip"]
[BlackElo "1484"]
[BlackTeam "Ashton 2"]
[Result "1-0"]
[PlyCount "107"]

1. d4 d5 2. c4 e6 3. a3 Nf6 4. Nc3 Nbd7 5. Bf4 c6 6. e3 Be7 7. Bd3 O-O 8. Nf3 dxc4 9. Bxc4 b5 10. Bd3 a5 11. O-O Bb7 12. Rc1 Rc8 13. Qd2 b4 14. axb4 axb4 15. Ne4 Nxe4 16. Bxe4 Nf6 17. Bb1 Qd5 18. Rfe1 Rfd8 19. Qd3 c5 20. e4 Qh5 21. e5 Bxf3 22. exf6 Bxf6 23. Qxf3 Qxf3 24. gxf3 Rxd4 25. Be5 Bxe5 26. Rxe5 Rd5 27. Re4 Rcd8 28. Kg2 Rg5+ 29. Kf1 Rh5 30. Kg2 Rg5+ 31. Rg4 Rdd5 32. h4 Rxg4+ 33. fxg4 f6 34. Ba2 Re5 35. f4 Re2+ 36. Kf3 Rxb2 37. Bxe6+ Kf8 38. Rxc5 Rh2 39. Kg3 Re2 40. Bc8 b3 41. Bf5 g6 42. Kf3 Ra2 43. Be6 Ra3 44. Ke2 Ra2+ 45. Kd3 Ra3 46. Kc3 Ra4 47. Bc4 Ra1 48. Kxb3 Rh1 49. Rc8+ Kg7 50. Rc7+ Kh6 51. g5+ fxg5 52. hxg5+ Kh5 53. Rxh7+ Kg4 54. Rxh1 1-0

[Event "4NCL Online Division 6"]
[Site "online"]
[Date "2021.04.06"]
[EventDate "2021.04.06"]
[Round "6.53"]
[White "Mundy, Jack"]
[WhiteElo "1496"]
[WhiteTeam "Ashton 2"]
[Black "Thomas, Jacob"]
[BlackElo "1452"]
[BlackTeam "War & Piece 2"]
[Result "1-0"]
[PlyCount "95"]

1. e4 c5 2. f4 d5 3. e5 e6 4. Nf3 a6 5. c3 Nc6 6. d4 cxd4 7. cxd4 Nh6 8. Be2 Bb4+ 9. Bd2 Qb6 10. Qa4 Bd7 11. Bxb4 Qxb4+ 12. Qxb4 Nxb4 13. Na3 Nf5 14. Kf2 Rc8 15. g4 Nh6 16. h3 Nc2 17. Nxc2 Rxc2 18. Rab1 Bb5 19. Rhe1 O-O 20. Ke3 Bxe2 21. Rxe2 Rfc8 22. Rxc2 Rxc2 23. Nd2 f5 24. g5 Nf7 25. Kd3 Rc7 26. Nb3 b6 27. a4 h6 28. h4 h5 29. a5 b5 30. Nc5 Rc6 31. Ke3 g6 32. Kd3 Kf8 33. Rc1 Ke7 34. Rc3 Nd8 35. b4 Ke8 36. Nb3 Kd7 37. Rxc6 Kxc6 38. Nc5 Kc7 39. Nxa6+ Kb7 40. Nc5+ Kc7 41. a6 Kb6 42. Nd7+ Kxa6 43. Nf8 Nc6 44. Kc3 Kb7 45. Nxg6 Kc8 46. Nf8 Kd8 47. Nxe6+ Ke7 48. Nc7 1-0

[Event "4NCL Online Division 6"]
[Site "online"]
[Date "2021.04.06"]
[EventDate "2021.04.06"]
[Round "6.54"]
[White "O'Neill, Stephen G"]
[WhiteElo "1423"]
[WhiteTeam "War & Piece 2"]
[Black "Torregrosa, Sacha"]
[BlackElo "1154"]
[BlackTeam "Ashton 2"]
[Result "0-1"]
[PlyCount "58"]

1. e4 c5 2. Nf3 Nc6 3. d4 cxd4 4. Nxd4 Nf6 5. Nxc6 bxc6 6. Nc3 e5 7. Bg5 Rb8 8. f3 Rxb2 9. Rb1 Qb6 10. Bc4 Qb4 11. Bd2 Rxb1 12. Bxf7+ Kxf7 13. Nxb1 Qb6 14. g3 Bc5 15. Kf1 Ba6+ 16. Kg2 Qb2 17. Bc3 Qxa2 18. Bxe5 d5 19. Nc3 Qc4 20. exd5 Nxd5 21. Nxd5 Qxd5 22. Qxd5+ cxd5 23. Rd1 Rd8 24. Bd4 Bxd4 25. Rxd4 Bc4 26. Kf2 Rd6 27. Rd1 Re6 28. Rd2 a5 29. Rd3 Bxd3 0-1

[Event "4NCL Online Division 6"]
[Site "online"]
[Date "2021.04.06"]
[EventDate "2021.04.06"]
[Round "6.61"]
[White "Holliday, John K"]
[WhiteElo "1649"]
[WhiteTeam "Bradford DCA Knights C"]
[Black "Habershon, Paul F"]
[BlackElo "1948"]
[BlackTeam "MK Phoenix 3"]
[Result "1-0"]
[PlyCount "61"]

1. e4 Nf6 2. e5 Nd5 3. c4 Nb6 4. d4 d6 5. f4 dxe5 6. fxe5 g6 7. Nc3 Bg7 8. Nf3 O-O 9. Be3 Bg4 10. h3 Bxf3 11. Qxf3 Nc6 12. O-O-O Na5 13. c5 Nbc4 14. Bf4 Nxb2 15. Kxb2 c6 16. Qd3 b6 17. Ka1 bxc5 18. dxc5 Qb8 19. Rb1 Qc7 20. Qe4 e6 21. g4 Rfd8 22. Be2 Nb7 23. Qe3 Rdc8 24. h4 Rd8 25. h5 Qe7 26. hxg6 hxg6 27. Ne4 Rd5 28. Qh3 Nxc5 29. Qh7+ Kf8 30. Bh6 Nxe4 31. Qh8# 1-0

[Event "4NCL Online Division 6"]
[Site "online"]
[Date "2021.04.06"]
[EventDate "2021.04.06"]
[Round "6.63"]
[White "Gallagher, Dominic"]
[WhiteElo "1590"]
[WhiteTeam "Bradford DCA Knights C"]
[Black "Valentine, Brian J"]
[BlackElo "1922"]
[BlackTeam "MK Phoenix 3"]
[Result "1/2-1/2"]
[PlyCount "105"]

1. d4 Nf6 2. Bf4 e6 3. e3 c5 4. c3 b6 5. Nf3 Bb7 6. Nbd2 d6 7. Bd3 cxd4 8. exd4 Be7 9. O-O O-O 10. Qe2 Re8 11. Rad1 Nbd7 12. h3 a6 13. Rfe1 b5 14. b3 Nd5 15. Bh2 Nxc3 16. Bxh7+ Kxh7 17. Qd3+ Kg8 18. Qxc3 Nf6 19. Qd3 Rc8 20. Ng5 Qa5 21. Nge4 Nxe4 22. Nxe4 Bxe4 23. Qxe4 d5 24. Qg4 Bf6 25. Be5 Bxe5 26. Rxe5 Rc7 27. h4 Qxa2 28. h5 Qc2 29. Rde1 Qd2 30. R5e2 Qh6 31. f4 Rec8 32. f5 Rc1 33. fxe6 Rxe1+ 34. Rxe1 fxe6 35. Qxe6+ Qxe6 36. Rxe6 Rc3 37. Rxa6 Rd3 38. Rb6 Rxb3 39. Kf2 b4 40. Rb5 Rb2+ 41. Kf3 b3 42. Rxd5 Rd2 43. Rb5 b2 44. d5 Kf7 45. Rb7+ Kf6 46. d6 Rxd6 47. Rxb2 Rd4 48. Rb5 Rd3+ 49. Ke2 Rg3 50. Kf2 Rg5 51. Rxg5 Kxg5 52. Kg3 Kxh5 53. Kf4 1/2-1/2

[Event "4NCL Online Division 6"]
[Site "online"]
[Date "2021.04.06"]
[EventDate "2021.04.06"]
[Round "6.64"]
[White "Matthews, Adrian M S"]
[WhiteElo "1883"]
[WhiteTeam "MK Phoenix 3"]
[Black "Waite, Nicholas"]
[BlackElo "1362"]
[BlackTeam "Bradford DCA Knights C"]
[Result "1-0"]
[PlyCount "77"]

1. e4 e5 2. Nf3 Nc6 3. c3 Nf6 4. d4 d5 5. Bb5 Nxe4 6. Nxe5 Qf6 7. O-O a6 8. Bxc6+ bxc6 9. Nd2 Qe6 10. Nxe4 dxe4 11. Qe2 f6 12. Nc4 a5 13. Bf4 Ba6 14. b3 Bd6 15. Rfe1 Bxf4 16. Qxe4 Bxh2+ 17. Kxh2 Qxe4 18. Rxe4+ Kf7 19. Rae1 Bxc4 20. Re7+ Kg6 21. bxc4 Rac8 22. Rd7 Rhd8 23. Ree7 Rxd7 24. Rxd7 Kh6 25. Kg3 g5 26. d5 c5 27. Kf3 Kg6 28. g4 h5 29. gxh5+ Kxh5 30. Ke4 Kg6 31. Re7 g4 32. Kf4 f5 33. Re6+ Kh5 34. Rc6 g3 35. fxg3 Rg8 36. Rxc5 Rg4+ 37. Kf3 Kg5 38. Rxc7 f4 39. Rg7+ 1-0

[Event "4NCL Online Division 6"]
[Site "online"]
[Date "2021.04.06"]
[EventDate "2021.04.06"]
[Round "6.71"]
[White "Strong, Chris M"]
[WhiteElo "1776"]
[WhiteTeam "Wells Globetrotters"]
[Black "Janota, Paul S"]
[BlackElo "1795"]
[BlackTeam "Maidenhead 2"]
[Result "0-1"]
[PlyCount "48"]

1. e4 e5 2. Nf3 f5 3. Nxe5 Qf6 4. d4 d6 5. Nc4 fxe4 6. Nc3 Qg6 7. f3 exf3 8. Qxf3 Nf6 9. Bf4 Be7 10. O-O-O O-O 11. Qe3 Nc6 12. g3 Bf5 13. Bd3 Rae8 14. Qg1 Bxd3 15. Rxd3 Nb4 16. Rd2 Nfd5 17. Nxd5 Nxd5 18. Rg2 b5 19. Nd2 Nb4 20. Nb3 Nxa2+ 21. Kb1 Nb4 22. Bd2 Qxc2+ 23. Ka1 Qxb3 24. Bxb4 Qxb4 0-1

[Event "4NCL Online Division 6"]
[Site "online"]
[Date "2021.04.06"]
[EventDate "2021.04.06"]
[Round "6.72"]
[White "Wenninger, Maxim"]
[WhiteElo "1717"]
[WhiteTeam "Maidenhead 2"]
[Black "Humphreys, Paul"]
[BlackElo "1700"]
[BlackTeam "Wells Globetrotters"]
[Result "1-0"]
[PlyCount "73"]

1. e4 Nf6 2. Nc3 d5 3. e5 d4 4. exf6 dxc3 5. fxg7 cxd2+ 6. Qxd2 Qxd2+ 7. Bxd2 Bxg7 8. c3 O-O 9. Nf3 Nc6 10. Bc4 Bg4 11. Be2 e5 12. h3 Bh5 13. g4 Bg6 14. h4 h5 15. gxh5 Bxh5 16. Ng5 Bxe2 17. Kxe2 Rfe8 18. Rag1 f6 19. Ne4 Kf7 20. Ng3 Ne7 21. h5 f5 22. Kd1 Rad8 23. Kc2 Rd6 24. h6 Bh8 25. Bg5 Ke6 26. Rd1 Ng6 27. h7 Bg7 28. Bh6 Bh8 29. Rh5 Rxd1 30. Kxd1 Ne7 31. Bg5 f4 32. Ne4 b6 33. Kc2 Nf5 34. a4 a5 35. Kb3 Rf8 36. Kc4 c6 37. Bh6 1-0

[Event "4NCL Online Division 6"]
[Site "online"]
[Date "2021.04.06"]
[EventDate "2021.04.06"]
[Round "6.73"]
[White "Goatcher, Matthew W"]
[WhiteElo "1676"]
[WhiteTeam "Wells Globetrotters"]
[Black "Castaneda, William"]
[BlackElo "1653"]
[BlackTeam "Maidenhead 2"]
[Result "1/2-1/2"]
[PlyCount "117"]

1. c4 e5 2. g3 Nc6 3. Bg2 Bc5 4. e3 d6 5. Nc3 a6 6. Nge2 Bg4 7. O-O Qd7 8. Nd5 Nge7 9. a3 Nd8 10. b4 Ba7 11. Bb2 Nxd5 12. cxd5 O-O 13. Rc1 Bb6 14. e4 f6 15. Kh1 Bh3 16. Bxh3 Qxh3 17. f4 Nf7 18. d3 Nh6 19. Ng1 Qd7 20. f5 a5 21. Rc2 axb4 22. axb4 Qb5 23. Bc1 Nf7 24. h4 Qxb4 25. g4 Ra1 26. Qe2 h6 27. Nh3 Qb3 28. Kg2 Qa4 29. g5 Kh8 30. g6 Nd8 31. Nf2 Bxf2 32. Rxf2 c5 33. Qh5 Rxc1 34. Rxc1 b5 35. Qd1 Qd4 36. Rb1 b4 37. Ra2 Qe3 38. Ra6 Qf4 39. Rxd6 Qxh4 40. Qf3 Qg5+ 41. Kf2 Qd2+ 42. Qe2 Qc3 43. Rb6 Kg8 44. Rb2 Re8 45. d6 Kf8 46. Ra2 Kg8 47. Ra8 b3 48. d7 Qd4+ 49. Kf3 Qxd7 50. Rxb3 Nc6 51. Rxe8+ Qxe8 52. Qb2 Nd4+ 53. Kg4 Nxb3 54. Qxb3+ Kf8 55. Qd5 Qe7 56. Qa8+ Qe8 57. Qd5 Qe7 58. Qa8+ Qe8 59. Qd5 1/2-1/2

[Event "4NCL Online Division 6"]
[Site "online"]
[Date "2021.04.06"]
[EventDate "2021.04.06"]
[Round "6.74"]
[White "Grayson, Charles"]
[WhiteElo "1500"]
[WhiteTeam "Maidenhead 2"]
[Black "Rossi, Jonathan"]
[BlackElo "1489"]
[BlackTeam "Wells Globetrotters"]
[Result "1-0"]
[PlyCount "85"]

1. e4 c6 2. c4 d5 3. exd5 cxd5 4. d4 Nf6 5. Nf3 e6 6. Nc3 Be7 7. Be2 dxc4 8. Bxc4 O-O 9. O-O Nc6 10. Be3 b6 11. Ne5 Bb7 12. f4 Rc8 13. Bd3 Nxe5 14. fxe5 Nd5 15. Nxd5 Qxd5 16. Qg4 g6 17. Rf2 f5 18. exf6 Rxf6 19. Rxf6 Bxf6 20. b3 b5 21. Rf1 Rf8 22. Bxg6 Qxg2+ 23. Qxg2 Bxg2 24. Bxh7+ Kxh7 25. Kxg2 Kg6 26. Rf3 Rc8 27. Rf2 Rc3 28. Re2 Kf5 29. d5 exd5 30. Bxa7 Rc7 31. Bf2 Rd7 32. Rd2 Rg7+ 33. Kf3 Rd7 34. h4 Kg6 35. Kg4 d4 36. Kf4 Rd5 37. a4 bxa4 38. bxa4 Kh6 39. Ke4 Ra5 40. Ra2 Re5+ 41. Kf4 d3 42. Be3 Rd5 43. Ke4+ 1-0

[Event "4NCL Online Division 6"]
[Site "online"]
[Date "2021.04.06"]
[EventDate "2021.04.06"]
[Round "6.81"]
[White "Wilson, Matthew R"]
[WhiteElo "1891"]
[WhiteTeam "Wolfpack 1"]
[Black "Karacsony, Istvan"]
[BlackElo "1945"]
[BlackTeam "Redbridge All Sorts 2"]
[Result "0-1"]
[PlyCount "134"]

1. e4 c6 2. d4 d5 3. exd5 cxd5 4. Bd3 Nc6 5. c3 g6 6. Nf3 Bg7 7. O-O Bg4 8. Nbd2 Nf6 9. Re1 O-O 10. h3 Bd7 11. Nb3 b6 12. Bf4 a5 13. a4 e6 14. Ne5 Ne8 15. Nxd7 Qxd7 16. Nd2 Nd6 17. Nf3 Rfd8 18. Qe2 Rac8 19. Ne5 Nxe5 20. Bxe5 Nc4 21. Bxg7 Kxg7 22. h4 Qe7 23. h5 Qg5 24. hxg6 hxg6 25. g3 Rh8 26. Kg2 Rh4 27. Bxc4 Rxc4 28. Qe5+ Qxe5 29. Rxe5 Rh8 30. g4 Kf6 31. g5+ Ke7 32. Kg3 Kd6 33. Re3 Rh5 34. Kg4 Rc8 35. Rh3 Rch8 36. Rxh5 Rxh5 37. Rg1 Ke7 38. b4 f6 39. f4 fxg5 40. fxg5 Rh2 41. Rf1 axb4 42. cxb4 Rd2 43. Rf4 Rg2+ 44. Kf3 Rxg5 45. Rh4 Kd6 46. Rh7 Rf5+ 47. Ke3 e5 48. dxe5+ Rxe5+ 49. Kd3 Re4 50. Rg7 Rxb4 51. Rxg6+ Kc5 52. a5 bxa5 53. Ra6 Ra4 54. Ra8 Ra3+ 55. Kc2 a4 56. Kd2 Kd4 57. Kc2 Rc3+ 58. Kd2 Rc4 59. Ra7 Kc5 60. Ra8 Kb4 61. Rb8+ Ka3 62. Rb5 d4 63. Kd3 Rb4 64. Ra5 Kb2 65. Rh5 a3 66. Rh2+ Kb3 67. Kd2 a2 0-1

[Event "4NCL Online Division 6"]
[Site "online"]
[Date "2021.04.06"]
[EventDate "2021.04.06"]
[Round "6.82"]
[White "Barton, Tom A"]
[WhiteElo "1909"]
[WhiteTeam "Redbridge All Sorts 2"]
[Black "Collett, Ray A"]
[BlackElo "1884"]
[BlackTeam "Wolfpack 1"]
[Result "1-0"]
[PlyCount "121"]

1. e4 c5 2. Nf3 d6 3. d4 cxd4 4. Nxd4 Nf6 5. Nc3 g6 6. Be3 Bg7 7. f3 Nc6 8. Qd2 O-O 9. O-O-O Bd7 10. g4 Qa5 11. Nb3 Qd8 12. h4 h5 13. gxh5 Nxh5 14. Rg1 Ne5 15. Be2 Rc8 16. Nd5 Nc4 17. Bxc4 Rxc4 18. Kb1 e5 19. Bg5 Qb8 20. Ne7+ Kh7 21. Qxd6 Be6 22. Qxb8 Rxb8 23. Nd5 Rbc8 24. c3 b6 25. Nd2 R4c5 26. Nf1 f6 27. Be3 Ra5 28. a3 f5 29. Ne7 Rc7 30. Bg5 Bf7 31. Ne3 fxe4 32. fxe4 Rac5 33. N7d5 Rb7 34. Ng4 Rc4 35. Nf2 Rc8 36. Rd3 Rf8 37. Ng4 Be6 38. Kc2 Bxg4 39. Rxg4 Rbf7 40. Kb3 Nf4 41. Nxf4 exf4 42. Rf3 Be5 43. Kc4 Rd7 44. Rg2 Rc8+ 45. Kb3 Rf8 46. Rgf2 Rdf7 47. Rd3 f3 48. Rd5 Bg3 49. Rf1 Re8 50. Rd3 Rxe4 51. Rdxf3 Rf5 52. Rxf5 gxf5 53. Rxf5 Bxh4 54. Bxh4 Rxh4 55. Rf7+ Kg6 56. Rxa7 Kf5 57. Ra6 Rh6 58. a4 Ke4 59. a5 Kd5 60. Rxb6 Rh8 61. Kb4 1-0

[Event "4NCL Online Division 6"]
[Site "online"]
[Date "2021.04.06"]
[EventDate "2021.04.06"]
[Round "6.83"]
[White "Gliddon, Daniel J"]
[WhiteElo "1696"]
[WhiteTeam "Wolfpack 1"]
[Black "Spurr, Michael"]
[BlackElo "1860"]
[BlackTeam "Redbridge All Sorts 2"]
[Result "0-1"]
[PlyCount "94"]

1. e4 d6 2. d4 Nf6 3. Nc3 Nbd7 4. f4 e5 5. fxe5 dxe5 6. dxe5 Nxe5 7. Qxd8+ Kxd8 8. Bf4 Bd6 9. O-O-O Ke7 10. Bxe5 Bxe5 11. Nd5+ Nxd5 12. Rxd5 Bf4+ 13. Kb1 Be6 14. Rd1 Rad8 15. Bd3 Rd6 16. g3 Bh6 17. Ne2 Rhd8 18. Nf4 Bc4 19. Nd5+ Bxd5 20. exd5 Rxd5 21. Rhe1+ Kf8 22. Rf1 c5 23. Rxf7+ Kxf7 24. Bc4 Ke6 25. Re1+ Kf6 26. Bxd5 Rxd5 27. Rf1+ Ke6 28. Re1+ Re5 29. Rd1 Bd2 30. c3 Re1 31. Kc2 Rxd1 32. Kxd1 Bg5 33. Ke2 Ke5 34. Kd3 b5 35. a3 a5 36. b4 axb4 37. cxb4 c4+ 38. Kc2 Kd4 39. h3 Be7 40. g4 g5 41. Kd2 c3+ 42. Kc2 Kc4 43. Kc1 Kb3 44. Kb1 Kxa3 45. Kc1 Kb3 46. Kb1 c2+ 47. Kc1 Bxb4 0-1

[Event "4NCL Online Division 6"]
[Site "online"]
[Date "2021.04.06"]
[EventDate "2021.04.06"]
[Round "6.84"]
[White "Sheard, Jack"]
[WhiteElo "1856"]
[WhiteTeam "Redbridge All Sorts 2"]
[Black "Smith, Mark"]
[BlackElo "1607"]
[BlackTeam "Wolfpack 1"]
[Result "1-0"]
[PlyCount "41"]

1. Nf3 c6 2. c4 d5 3. cxd5 cxd5 4. d4 Nf6 5. Nc3 g6 6. Bf4 Bg7 7. e3 O-O 8. h3 a6 9. Bd3 Nc6 10. O-O Bd7 11. Rc1 b5 12. a4 b4 13. Nb1 Qb6 14. Nbd2 Na5 15. Bc7 Qb7 16. Bxa5 Rfc8 17. Ne5 Be8 18. Qb3 Nd7 19. Nxd7 Bxd7 20. Nf3 Rab8 21. Rc2 Bf8 22. Rfc1 Bc6 23. Ne5 Be8 24. Rxc8 Rxc8 25. Rxc8 Qxc8 26. Qc2 Qb8 27. b3 e6 28. Qc7 Qa8 29. Nd7 Bxd7 30. Qxd7 h5 31. Qc7 Kg7 32. h4 Kg8 33. Bb6 a5 34. Bb5 Kg7 35. Bxa5 Be7 36. g3 Bf8 37. Bb6 Kg8 38. a5 f6 39. a6 e5 40. a7 1-0

[Event "4NCL Online Division 6"]
[Site "online"]
[Date "2021.04.06"]
[EventDate "2021.04.06"]
[Round "6.91"]
[White "Rodrigo, Y Jan"]
[WhiteElo "1799"]
[WhiteTeam "Camborne Pendarves"]
[Black "Thackray, John"]
[BlackElo "1916"]
[BlackTeam "St Andrews White Cross 1"]
[Result "1-0"]
[PlyCount "133"]

1. d4 d5 2. Nc3 Nf6 3. Bf4 Bf5 4. f3 e6 5. g4 Bg6 6. h4 h5 7. g5 Nfd7 8. Nb5 Na6 9. e3 Be7 10. Bd3 Bxd3 11. Qxd3 c6 12. Nd6+ Bxd6 13. Bxd6 Qa5+ 14. c3 O-O-O 15. a4 c5 16. Ne2 c4 17. Qc2 Qb6 18. Bg3 g6 19. Ra3 Rhe8 20. O-O e5 21. b3 Qd6 22. Rfa1 Nc7 23. bxc4 dxc4 24. a5 Qc6 25. e4 Nb5 26. Ra4 Kb8 27. Qa2 Rc8 28. Rb1 Ka8 29. Rbb4 Nd6 30. Rb6 Nxb6 31. axb6 Qxb6 32. Bf2 Nb5 33. d5 Qd6 34. Bxa7 Nxa7 35. Rxa7+ Kb8 36. Qa5 Qc5+ 37. Qxc5 Rxc5 38. Ra4 Rd8 39. Kf2 Rd6 40. Ke3 Ra6 41. Rb4 Ra3 42. f4 exf4+ 43. Kxf4 Rb3 44. Ra4 Rb2 45. Nd4 Rh2 46. Kg3 Rh1 47. d6 Rc1 48. Ra8+ Kxa8 49. d7 Rxc3+ 50. Kf4 Ra3 51. d8=Q+ Ka7 52. Qd7 c3 53. Nb5+ Rxb5 54. Qxb5 Ra6 55. Qc5+ Kb8 56. Qxc3 Rc6 57. Qe5+ Rc7 58. Qd6 b5 59. Qb6+ Kc8 60. Qxb5 Kd8 61. Qb6 Kd7 62. Ke5 Rc6 63. Qb7+ Rc7 64. Qd5+ Ke8 65. Kf6 Ra7 66. Qc6+ Rd7 67. Qxd7+ 1-0

[Event "4NCL Online Division 6"]
[Site "online"]
[Date "2021.04.06"]
[EventDate "2021.04.06"]
[Round "6.92"]
[White "Pollard, Michael"]
[WhiteElo "1636"]
[WhiteTeam "St Andrews White Cross 1"]
[Black "Smith, Richard AL"]
[BlackElo "1728"]
[BlackTeam "Camborne Pendarves"]
[Result "1-0"]
[PlyCount "83"]

1. e4 e5 2. Nf3 f5 3. Nxe5 Qf6 4. d4 d6 5. Nf3 fxe4 6. Qe2 d5 7. Nc3 c6 8. Ne5 Bd6 9. f4 exf3 10. Nxf3+ Qe7 11. Bg5 Qxe2+ 12. Bxe2 Nf6 13. Bxf6 gxf6 14. O-O O-O 15. Bd3 Bg4 16. Rae1 Bh5 17. Nd2 Bb4 18. a3 Bxc3 19. bxc3 Bg6 20. Bxg6 hxg6 21. Re7 b5 22. Rfe1 a5 23. Nb3 a4 24. Nc5 Na6 25. Nd7 Rf7 26. Re8+ Rxe8 27. Rxe8+ Kg7 28. Ra8 Nc7 29. Rd8 Ne6 30. Re8 Nf4 31. Nc5 Ne2+ 32. Rxe2 g5 33. Kf2 Kg6 34. Re6 Kh5 35. Rxc6 f5 36. Nd3 f4 37. Ne5 Rf5 38. Rc5 g4 39. Rxd5 Kg5 40. Nf7+ Kf6 41. Rxf5+ Kxf5 42. Nd6+ 1-0